000 00602nam a22001937a 4500
005 20160908171144.0
010 _aENG-107888
020 _c395.00
_a9788180388972
035 _aEN-91421
037 _bDBAD/PUB
082 _a340.072054
100 _aRattan Singh
245 0 0 _aLegal research methodology /
_cby Rattan Singh
260 _aGurgaon
_bLexis Nexis
_c2013
270 _a14th Floor, Bldg. No.10, Tower-B, DLF Cyber City, Phase-II
_bGurgaon
_e122002
300 _axx,379p.
_c25cm(pbk)
500 _aIncludes bibliographical references
942 _2ddc
_cEN
_mRAT
_h340.072054
999 _c77323
_d77323